000 01038nam a2200301Ia 4500
005 20220317000548.0
008 160601s2005 sp a g 000 0 und
020 _a8426114164
100 1 _aHergé
_d1907-1983
245 1 3 _aLa estrella misteriosa
_cHergé ; traducción del francés de Concepcíon Zendrera
250 _a25a. edición
300 _a62 páginas
_bilustraciones
_c30 cm
490 _aLas aventuras de Tintín
650 1 4 _2LEMB
_aHistorietas belgas
_ySiglo XX
650 1 4 _2LEMB
_aTiras cómicas belgas
_ySiglo XX
650 1 4 _2LEMB
_aHistorias de aventuras
650 1 4 _2LEMB
_aEstrellas en la literatura
650 1 4 _2LEMB
_aDetectives en la literatura
700 1 _aHergé
_eilustrador
_948258
700 1 _aZendrera, Concepción
_etraductor
_912015
942 _2loc
_cBKLIT
264 _aBarcelona
_bJuventud
_c2005
336 _atexto
_btxt
_2rdacontent
337 _asin mediación
_bn
_2rdamedia
338 _avolumen
_bnc
_2rdacarrier
040 _aCO-BoRNBP
_bspa
_erda
_cCO-BoRNBP
084 _aH HER5
999 _c4393
_d4393